E agora, mãe? (Record no. 68196)

MARC details
000 -LÍDER
campo de controle de tamanho fixo 00354 a2200169 4500
001 - NÚMERO DE CONTROLE
campo de controle 68196
020 ## - ISBN - INTERNATIONAL STANDARD BOOK NUMBER
ISBN - International Standard Book Number 85-16-08454-7
040 ## - FONTE DA CATALOGAÇÃO
Instituição que transcreveu o registro Anchieta - Pituba
100 ## - ENTRADA PRINCIPAL--NOME PESSOAL
Nome pessoal Vieira, Isabel
240 10 - TÍTULO UNIFORME
Título uniforme E agora, mãe?
Idioma da obra por
245 10 - TÍTULO
Título E agora, mãe?
300 ## - DESCRIÇÃO FÍSICA
Extensão 142
362 0# - DATAS DE PUBLICAÇÃO E/OU DESIGNAÇÃO SEQUENCIAL
Datas de publicação e/ou designação sequencial 2013
440 #1 - DECLARAÇÃO DE SÉRIE/ENTRADA ADICIONADA--TÍTULO
Título Moderna
650 #4 - ASSUNTO--TERMO TÓPICO
Cabeçalho tópico ou nome geográfico Literatura juvenil
942 ## - ELEMENTOS DE ENTRADA ADICIONADOS (KOHA)
Tipo de material Koha Livros
Holdings
Situação do descarte Situação das perdas Situação física Não pode ser emprestado Biblioteca de origem Biblioteca atual Data de aquisição Total de empréstimos Número de chamada completo Código de barras Data de último acesso Data do preço efetivo Tipo de material Koha Fonte da classificação ou esquema de arquivamento na estante Nota pública
        Colégio Anchieta - Pituba Colégio Anchieta - Pituba 21/11/2023   LJ 028.5 V657e VIE EAG 23579/PIT 21/11/2023 21/11/2023 Livros    
        Novo Tempo - Aureliano São José Novo Tempo - Aureliano São José 09/05/2024     nt525 09/05/2024 09/05/2024 Livros Classificação Decimal de Dewey Estante amarela
        Novo Tempo - Aureliano São José Novo Tempo - Aureliano São José 09/05/2024     nt526 09/05/2024 09/05/2024 Livros Classificação Decimal de Dewey Estante amarela